000
00261nam a2200097Ia 4500
082
_a
AF LIN
245
0
_a
Dae van betowering
100
_a
LINGUA, Susanna M. (Susanna Myburgh) Pretoria, 1995
942
_c
BK
008
210817s9999 xx 000 0 und d
999
_c
214193
_d
214192